000
00220 a2200097 4500
001
5803
100
_a
Tranter,CJ
245
_a
Integral Transforms in mathematical physics
260
_a
_b
Methuen
_c
090
_c
4771
_d
4771
942
_a
NUST-CAE
_c
M
_c
31124
999
_c
240876
_d
240876